The Complete Conversations with God : (Record no. 586933)

MARC details
000 -LEADER
fixed length control field 00520nam a2200193 a 4500
008 - FIXED-LENGTH DATA ELEMENTS--GENERAL INFORMATION
fixed length control field 250911s2005##################000#0#eng##
020 ## - INTERNATIONAL STANDARD BOOK NUMBER
ISBN 9780399153297
082 04 - DEWEY DECIMAL CLASSIFICATION NUMBER
Classification number 133.93
Item number WAL
100 1# - MAIN ENTRY--AUTHOR NAME
Personal name Walsch, Neale Donald,
245 10 - TITLE STATEMENT
Title The Complete Conversations with God :
260 ## - PUBLICATION, DISTRIBUTION, ETC. (IMPRINT)
Name of publisher TarcherPerigee,
Year of publication 2005.
300 ## - PHYSICAL DESCRIPTION
Number of Pages 754 pages
650 #0 - SUBJECT ADDED ENTRY--TOPICAL TERM
Topical Term Body, Mind & Spirit.
942 ## - ADDED ENTRY ELEMENTS (KOHA)
Koha item type English Books
Holdings
Withdrawn status Lost status Damaged status Not for loan Home library Current library Shelving location Date acquired Full call number Accession Number Price effective from Koha item type
        Anna Centenary Library Anna Centenary Library 3RD FLOOR, A WING 15.09.2025 133.93 WAL 381707 15.09.2025 English Books

Find us on the map